| 000 | 01335nam0a22003131 4500 | ||
|---|---|---|---|
| 001 | rc\3140487 | ||
| 005 | 20120615101145.4 | ||
| 021 |
_aRU _b[75-31863] |
||
| 035 | _a(NLR Aleph) 007318313 | ||
| 090 |
_a5882772 _c5882772 |
||
| 100 | _a20120615d1975 |||y0rusy50 ca | ||
| 101 | 1 |
_arus _ceng |
|
| 102 | _aRU | ||
| 105 | _aa z |||c| | ||
| 200 | 1 |
_aМеханизмы неорганических реакций _eПопул. очерк соврем. воззрений на кинетику реакций неорган. комплексных соединений _fПер. с англ. А.А. Серебряковой _gПод ред. д-ра хим. наук, проф. К.Н. Семененко |
|
| 210 |
_aМосква _cМир _d1975 |
||
| 215 |
_a275 с. _cчерт. _d20 |
||
| 300 | _aДоп. тит. л.: Inorganic reaction mechanisms. Martin L. Tobe | ||
| 320 | _aСписки лит. в конце глав | ||
| 513 | 0 | _aInorganic reaction mechanisms | |
| 606 |
_aКомплексные соединения _xРеакции _xКинетика _2psbo |
||
| 700 | 1 |
_aТоуб _bМ. Л. _gМартин Л. |
|
| 702 | 1 |
_aСеребрякова _bА. А. _4730 |
|
| 702 | 1 |
_aСемененко _bК. Н. _4340 |
|
| 801 | 0 |
_aRU _bNLR _gpsbo |
|
| 801 | 1 |
_aRU _bELAR _2rusmarc |
|
| 852 |
_aNLR _j75-3/2101 |
||
| 942 | _cBOOK | ||
| 980 | _aNB | ||